| 000 | 00000nam##2200000za#4500 |
| 001 | 9.663520 |
| 003 | CaOODSP |
| 005 | 20220328113337 |
| 007 | ta |
| 008 | 150407|2002||||xxc||||| f|0| 0 fre|d |
| 020 | |a0-662-66357-8 |
| 040 | |aCaOODSP|bfre |
| 041 | |aeng |
| 041 | |afre |
| 043 | |an-cn--- |
| 086 | 1 |aC2-596/2001 |
| 110 | 1 |aCanada. |bIndustrie Canada. |
| 245 | 10|aAtteindre l'excellence: investir dans les gens, le savoir et les possibilités : |bla stratégie d'innovation du Canada |
| 260 | |aOttawa - Ontario : |bIndustrie Canada |c2002. |
| 300 | |aTexte en français, 91p. : |bgraphiques, ill. ; |c28 cm. |
| 546 | |aBilingue |
| 563 | |aCouverture souple |
| 590 | |a02-24|b2002-06-14 |
| 691 | 07|aÉconomie du savoir|2gcpds |
| 691 | 07|aInnovation technologique|2gcpds |
| 691 | 07|aStratégie|2gcpds |
| 776 | 0#|tAtteindre l'excellence : |w(CaOODSP)9.630736 |
| 776 | 0#|tAchieving excellence : |w(CaOODSP)9.686256 |
| 791 | |tAchieving excellence: investing in people, knowledge and opportunity : |eeng|w(CaOODSP)9.663519 |
| 986 | |a53564B |